000 00634nam a22001937a 4500
003 OSt
005 20251023025905.0
008 251023b |||||||| |||| 00| 0 eng d
020 _a 971-725-050-2
040 _aDWC-Main lib.
_cOC
082 _aFil. 490.7 B132m 2013
100 _aPaquito B. Badayos
245 _aMetodolohiya sa pagtuturo ng wika
_b: mga teorya, simulain at istratehiya/
_cPaquito B. Badayos
260 _aManila :
_bGrandbooks Publishing,
_c c2013.
300 _a424 pages
_c; 26 cm.
504 _aReferences: pp. 415-424
650 _aFilipino language--Stuidy and teaching.
942 _2ddc
_cBK - FIL
_kFil.
_n0
999 _c5041
_d5041